00356pab a2200145 454500008004000000100001700040245003800057260000900095300001200104362000800116650002200124650002900146700001700175773001800192180718b1995 xxu||||| |||| 00| 0 eng d aBajpai, P.K. aPerspective on female criminality c1995 ap.47-51 aDec aCriminals - India aFemale offenders - India aBajpai, Anju aThird Concept